Statistiques concernant Paroles - J'attends le miracle, Encanto

Cliquez ici pour prendre le quiz!

Statistiques générales

  • Ce quiz a été pris 83 fois
  • Le résultat moyen est 219 sur 241

Statistiques - réponses

Réponse% Correct
je
100%
Je
100%
à
97%
de
97%
famille,
97%
famille
97%
la
97%
le
97%
les
97%
Les
97%
ma
97%
me
97%
miracle ?
97%
miracle,
97%
miracle
97%
moi,
97%
moi
97%
mon
97%
n'ai
97%
pas
97%
peur
97%
que
97%
Que
97%
sais
97%
veux
97%
vœu
97%
au
95%
croire
95%
Et
95%
fais
95%
Fleurir
95%
J'ai
95%
j'ai
95%
Mais
95%
mes
95%
montagnes
95%
ou
95%
oui
95%
partie
95%
Soulever
95%
fait
92%
guérir
92%
l'ouragan
92%
Madrigal
92%
mal
92%
mal,
92%
place,
92%
place
92%
Pour
92%
Quatre
92%
saisons
92%
se
92%
Vous
92%
vous
92%
bal
89%
beau
89%
bien
89%
ce
89%
comme
89%
contrôle
89%
joue
89%
mains
89%
même
89%
peux,
89%
Quand
89%
quand
89%
rôle
89%
temps
89%
tristesse,
89%
un
89%
alors
87%
cœur
87%
droit
87%
En
87%
faire
87%
il
87%
mérite,
87%
mérite
87%
mieux
87%
n'assiste
87%
ne
87%
réalise
87%
ça
84%
suis
84%
très
84%
une
84%
vite
84%
attendant
82%
cette
82%
cœurs
82%
contrôler
82%
direction
82%
enfin
82%
forte
82%
mens
82%
Pourquoi
82%
quelqu'un
82%
si
82%
sombre
82%
talent
82%
change
79%
dans
79%
désire
79%
feux
79%
j'espère
79%
jure
79%
l'ombre
79%
mille
79%
ouvre
79%
Ouvre
79%
porte
79%
serai
79%
yeux
79%
yeux,
79%
attendue
76%
briller
76%
chance
76%
encore
76%
espoir
76%
Faites
76%
garder
76%
j'aurai
76%
montre
76%
peine,
76%
pur
76%
s'ouvre
76%
spéciale,
76%
tant
76%
Aucune
74%
d'être
74%
l'honneur
74%
n'ai-je
74%
seule
74%
tous
74%
Patiemment,
71%
eu
68%
Ils
68%
tapie
68%
ont
66%

Distribution des résultats

Percentile par nombre de réponses

% des personnes avec chaque résultat

Votre développement - résultats

Vous n’avez pas pris ce quiz